| 000 | 00668cam a2200229 4500 | ||
|---|---|---|---|
| 008 | 000000n2001 000 0 eng u | ||
| 020 | _a1860814611 | ||
| 035 | _a(Sirsi) u112499 | ||
| 041 | _aeng | ||
| 050 | _a690.12 | ||
| 100 | _aHall, R. | ||
| 110 | _aBuilding Research Establishment | ||
| 245 | _aDynamic stiffness of wall ties used in masonry cavity walls : measurement procedure. | ||
| 260 |
_aLondon _bCRC Ltd _c2001 |
||
| 300 | _a6p. : ill. ; 30cm. | ||
| 490 |
_aBRE Information Paper _v3/01 |
||
| 650 | _aCAVITY WALL TIES | ||
| 650 | _aSOUND INSULATION | ||
| 690 | _aBUILT ENVIRONMENT-BUILDING MATERIALS | ||
| 700 | _aHopkins, C. | ||
| 942 | _n0 | ||
| 999 |
_c101433 _d101433 |
||